Statistics for Denver Nuggets: Most 3-PT FGs Each Year

Click here to take the quiz!

General Stats

  • This quiz has been taken 28 times
    (18 since last reset)
  • The average score is 17 of 40

Answer Stats

Year Player 3-PT FGs % Correct
2017-2018Jamal Murray165
100%
2015-2016Will Barton112
94%
2006-2007J.R. Smith149
82%
2012-2013Danilo Gallinari135
76%
1992-1993Mahmoud Abdul-Rauf70
76%
1999-2000Nick Van Exel133
71%
2000-2001Voshon Lenard147
53%
1998-1999Chauncey Billups85
47%
2018-2019Malik Beasley163
47%
1982-1983Kiki Vandeweghe15
47%
1980-1981David Thompson10
41%
2004-2005Earl Boykins / Bryon Russell56
41%
1991-1992Reggie Williams56
35%
1987-1988Michael Adams139
24%
2014-2015Wilson Chandler139
24%
1994-1995Dale Ellis106
18%
2013-2014Randy Foye189
18%
1983-1984Mike Evans32
18%
2011-2012Al Harrington101
12%
1997-1998Anthony Goldwire63
6%
2002-2003Chris Whitney43
6%
2005-2006Greg Buckner86
6%
1979-1980John Roche49
6%

Score Distribution

Percentile by Number Answered

Percent of People with Each Score

Your Score History

You have not taken this quiz since the last reset